[Event "Geneve op"]
[Site "Geneve"]
[Date "1999.01.25"]
[Round "3"]
[White "Raetsky, Alexander"]
[Black "Sulskis, Sarunas"]
[Result "1/2-1/2"]
[WhiteElo "2460"]
[BlackElo "2568"]

1.d4 d6 2.e4 Nf6 3.Nc3 c6 4.Nf3 Bg4 5.Be2 e6 6.h3 Bxf3 7.Bxf3 d5 8.a3 dxe4
9.Nxe4 Nxe4 10.Bxe4 g6 11.O-O Bg7 12.c3 Nd7 13.Bf4 O-O 14.Qc2 e5 15.dxe5 Nxe5
16.Rad1 Qc7 17.Rfe1 Rae8 18.Be3 f5 19.Qb3+ Kh8 20.Bc2 b6 21.Bd4 c5 22.Bxe5 Rxe5
23.Rxe5 Qxe5 24.Qd5 Qe2 25.Qd2 Qxd2 26.Rxd2 Bf6 27.Rd7 Rd8 28.Rxd8+ Bxd8  1/2-1/2

[Event "Geneve op"]
[Site "Geneve"]
[Date "1999.01.26"]
[Round "4"]
[White "Sulskis, Sarunas"]
[Black "Barle, Janez"]
[Result "1/2-1/2"]
[WhiteElo "2568"]
[BlackElo "2384"]

1.e4 d6 2.d4 Nf6 3.Nc3 e5 4.dxe5 dxe5 5.Qxd8+ Kxd8 6.Bc4 Be6 7.Bxe6 fxe6
8.f3 Bc5 9.Nd1 Nbd7 10.Nh3 Ke7 11.Nhf2 Bd6 12.a4 a6 13.b3 b5 14.Nc3 Bc5 15.Ra2 c6
16.Nd3 Bd4 17.Ne2 Bb6 18.Ba3+ c5 19.c4 bxc4 20.bxc4 Kd6 21.O-O Kc6 22.g4 Bc7
23.Nec1 Rhb8 24.Kg2 Rb7 25.h4 Bd6 26.Rc2 Rab8 27.h5 h6 28.Rd1 Nh7 29.Rcd2 Bc7
30.Bb2 Ng5 31.Bc3 Rf8 32.Rf1 Bd6 33.a5 Rf7 34.Nb2 Rb8 35.Ncd3 Rbf8 36.Rdf2 Bc7
37.Na4 Rb8 38.Nb6 Bxb6 39.axb6 Rxb6 40.Nxe5+ Nxe5 41.Bxe5 Rb3 42.Rb2 Rb4
43.Ra2 Kb7 44.Rd2 Rxc4 45.Rd8 Rc2+ 46.Kh1 Rc4 47.Kg2 Rc2+ 48.Kh1 Rc4  1/2-1/2

[Event "Bundesliga 9899"]
[Site "Germany"]
[Date "1999.01.30"]
[Round "8.5"]
[White "Seul, Georg"]
[Black "Tischbierek, Raj"]
[Result "0-1"]
[WhiteElo "2441"]
[BlackElo "2521"]

1.e4 d6 2.d4 Nf6 3.Nc3 e5 4.dxe5 dxe5 5.Qxd8+ Kxd8 6.Bc4 Bb4 7.Bd2 Ke7 8.Nf3 Nbd7
9.O-O-O c6 10.Rhe1 b5 11.Bb3 Bc5 12.Ng5 h6 13.Nxf7 Rf8 14.Nxe5 Nxe5 15.f4 Bg4
16.fxe5 Nd7 17.e6 Ne5 18.h3 Bxd1 19.Nxd1 Nc4 20.Bxc4 bxc4 21.Ne3 Kxe6 22.Nxc4 Rf2
23.g4 Raf8 24.Bc3 Rf1 25.Rxf1 Rxf1+ 26.Kd2 g6 27.Ne5 Rf2+ 28.Kd3 g5 29.Nxc6 Rh2
30.a4 Rxh3+ 31.Kc4 Bf2 32.b4 h5 33.gxh5 g4 34.Be5 Rxh5 35.Bf4 Rh7 36.Nd4+ Bxd4
37.Kxd4 Rh3 38.c4 Rf3 39.Bb8 g3 40.b5 g2 41.Bh2 Rh3 42.Bg1 Rh1 43.Be3 Ra1
44.Kc5 Rxa4 45.Bd4 Kd7 46.e5 Ra1  0-1

[Event "Nova Gorica op"]
[Site "Nova Gorica"]
[Date "1999.01.30"]
[Round "3"]
[White "Bednarich, Jan"]
[Black "Anakiev, Dimitar"]
[Result "1-0"]
[WhiteElo "2230"]
[BlackElo "2045"]

1.e4 d6 2.d4 Nf6 3.Nc3 c6 4.f4 Qa5 5.Bd3 e5 6.Nf3 Nbd7 7.Be3 Be7 8.O-O O-O
9.Kh1 Re8 10.Qd2 Qc7 11.a4 b6 12.Qe2 Bb7 13.Nh4 g6 14.dxe5 dxe5 15.f5 Kg7
16.Nf3 Ng4 17.fxg6 hxg6 18.Ng5 Bxg5 19.Bxg5 f6 20.Qxg4 fxg5 21.Qxg5 Qd8 22.Qg3 Qe7
23.Bc4 Rf8 24.Rad1 Rxf1+ 25.Rxf1 Rf8 26.Rd1 Bc8 27.Qd3 Rf2 28.Kg1 Qc5 29.b4 Qf8
30.Be6 Nc5 31.Qg3 Rxc2 32.Bxc8 Qxc8 33.bxc5 Qe6 34.Rd6 Qf7 35.Qxe5+ Kh6 36.Qh8+ Kg5
37.Qe5+ Kh6 38.Rf6 Qd7 39.Rd6 Qg4 40.Qh8+ Kg5 41.h4+ Kf4 42.Qf6+ Ke3 43.Nd1+ Ke2  1-0

[Event "Geneve op"]
[Site "Geneve"]
[Date "1999.01.31"]
[Round "9"]
[White "Schild, Christophe"]
[Black "Masserey, Yvan"]
[Result "0-1"]
[WhiteElo "2140"]
[BlackElo "2345"]

1.e4 d6 2.d4 Nf6 3.Nc3 c6 4.Nf3 Bg4 5.Be2 e6 6.O-O d5 7.exd5 cxd5 8.Bg5 Be7
9.Ne5 Bxe2 10.Qxe2 O-O 11.Qd3 Ne8 12.Bxe7 Qxe7 13.f4 Nd6 14.Rae1 Nd7 15.f5 Nxf5
16.Nxd5 Qd6 17.Nf4 Nxe5 18.dxe5 Qb6+ 19.Kh1 Qxb2 20.Nh5 Rac8 21.Rxf5 exf5
22.Qg3 g6 23.Qg5 Rc6 24.Nf6+ Kg7 25.Nh5+ Kh8 26.Nf6 Qb4 27.Rd1 Kg7 28.h3 Qb6
29.Nh5+ Kg8 30.Nf6+ Rxf6 31.Qxf6 Qxf6 32.exf6 h6 33.Rd7 Rb8 34.c4 g5 35.c5 a6
36.Rd5 Kh7 37.Rxf5 Rc8 38.Rd5 Rc7 39.c6 Rxc6 40.Rd7 b5 41.Rxf7+ Kg6 42.Rb7 Kxf6
43.a4 bxa4 44.Rb4 a5 45.Rxa4 Ra6 46.Kg1 Ke5 47.Kf2 Kd5 48.Ke3 Kc5 49.Kd3 Kb5
50.Ra2 Kb4 51.Rb2+ Ka3 52.Rb7 Ka2 53.Rf7 a4 54.Kc3 Ka3 55.Kc4 Rc6+ 56.Kb5 Rc3
57.Rf6 Kb3  0-1

[Event "HUN-ch"]
[Site "Lillafured"]
[Date "1999.02.03"]
[Round "3"]
[White "Gyimesi, Zoltan"]
[Black "Varga, Zoltan"]
[Result "0-1"]
[WhiteElo "2529"]
[BlackElo "2518"]

1.d4 d6 2.e4 Nf6 3.Nc3 e5 4.Nf3 Nbd7 5.Bc4 Be7 6.O-O O-O 7.Re1 c6 8.a4 b6
9.d5 cxd5 10.Nxd5 Bb7 11.b3 Rc8 12.Ba3 Nxd5 13.Bxd5 Bxd5 14.Qxd5 Rxc2 15.Bxd6 Bxd6
16.Qxd6 Nc5 17.Qxd8 Rxd8 18.b4 Nd3 19.Red1 Rcc8 20.Rd2 Nxb4 21.Rxd8+ Rxd8
22.Nxe5 Re8 23.Rb1 Na2 24.Nc6 Rxe4 25.Rd1 g6 26.a5 Rc4 27.axb6 axb6 28.Ne7+ Kg7
29.Nd5 b5 30.Kf1 Rc5 31.Rd4 h5 32.h3 Nc3 33.Nxc3 Rxc3 34.Rd6 b4 35.Rb6 b3
36.g3 h4 37.Kg2 hxg3 38.fxg3 g5 39.Rb4 f5 40.Rb5 Kf6 41.g4 f4 42.Rf5+ Kg6
43.Rb5 Rg3+ 44.Kh2 Rd3 45.Kg2 Rd2+ 46.Kf3 Rh2 47.Rb6+ Kf7 48.Ke4 Rxh3 49.Kf5 Rc3
50.Rb7+ Ke8 51.Ke6 Re3+  0-1

[Event "Malaga op"]
[Site "Malaga"]
[Date "1999.02.04"]
[Round "2"]
[White "Campora, Daniel H"]
[Black "Osuna Vega, Enrique"]
[Result "1-0"]
[WhiteElo "2551"]
[BlackElo "2200"]

1.e4 d6 2.d4 Nf6 3.Nc3 Nbd7 4.f4 e5 5.Nf3 exd4 6.Qxd4 c6 7.Be3 d5 8.exd5 Bc5
9.Qd3 Qe7 10.Nd4 Nb6 11.O-O-O Nbxd5 12.Nxd5 Nxd5 13.Bd2 O-O 14.Nb3 Bb6 15.Qf3 a5
16.a4 Bf5 17.Bd3 Bxd3 18.Qxd3 Ne3 19.Rhe1 Rfe8 20.Nd4 Bxd4 21.Qxd4 Nf5 22.Qb6 Qd7
23.Bxa5 Rxe1 24.Bxe1 Qe7 25.Bf2 h5 26.b3 Kh7 27.g3 Ra6 28.Qc5 Qf6 29.Bd4 Nxd4
30.Rxd4 Ra5 31.Qxa5 Qxd4 32.Qa8 Kh6 33.Qe8 Qg1+ 34.Kb2  1-0

[Event "Nova Gorica op"]
[Site "Nova Gorica"]
[Date "1999.02.05"]
[Round "9"]
[White "Zvan, Ziga"]
[Black "Anakiev, Dimitar"]
[Result "0-1"]
[WhiteElo "2086"]
[BlackElo "2045"]

1.e4 d6 2.d4 Nf6 3.Nc3 c6 4.f4 Qa5 5.e5 Nd5 6.Qf3 Nxc3 7.bxc3 Bf5 8.Bd2 Bxc2
9.c4 Qa4 10.Rc1 e6 11.Ne2 Qxa2 12.Qc3 Bg6 13.g4 dxe5 14.f5 exd4 15.Nxd4 Qa3
16.fxg6 hxg6 17.Nb3 Qd6 18.h3 Nd7 19.Be2 Be7 20.O-O Bf6 21.Qf3 O-O 22.Rcd1 Qe7
23.Kh1 g5 24.Na5 Ne5 25.Qe4 Ng6 26.Rb1 Rfd8 27.Be3 Rd7 28.Nb3 a5 29.Nc5 Rc7
30.Rfd1 a4 31.Rd2 a3 32.Ra2 Ra5 33.Nd3 Rd7 34.Bb6 Ra8 35.Bc5 Qd8 36.Rxa3 Rxa3
37.Bxa3 Rd4 38.Qe3 Rxc4 39.Nc5 Rc3 40.Nxb7 Qd5+ 41.Bf3 Qxf3+ 42.Qxf3 Rxf3
43.Bd6 Bd4 44.Na5 Nh4 45.Kh2 Rf2+ 46.Kh1 e5  0-1

[Event "RUS-Cup03 (Geller mem)"]
[Site "Moscow"]
[Date "1999.02.07"]
[Round "6"]
[White "Afonin, Alexey"]
[Black "Chuprov, Dmitry"]
[Result "0-1"]
[WhiteElo "2288"]
[BlackElo "2400"]

1.e4 d6 2.d4 Nf6 3.Nc3 e5 4.Nf3 Nbd7 5.Bc4 Be7 6.O-O O-O 7.Re1 c6 8.a4 a5
9.h3 exd4 10.Nxd4 Nc5 11.b3 Re8 12.Bb2 Bf8 13.Qf3 Ncd7 14.Qg3 Ne5 15.Bf1 Ng6
16.Rad1 Qb6 17.Qh2 d5 18.e5 Nh5 19.g4 Nhf4 20.Nf5 Bd7 21.Bc1 Ne6 22.Kh1 Bb4
23.Bd2 Nd4 24.Be3 Nf3 25.Bxb6 Nxh2 26.Re3 Nxf1 27.Rxf1 Rxe5 28.Rfe1 Bxc3
29.Ne7+ Nxe7 30.Rxe5 Bxe5 31.Rxe5  0-1

[Event "HUN-ch"]
[Site "Lillafured"]
[Date "1999.02.08"]
[Round "8"]
[White "Sax, Gyula"]
[Black "Varga, Zoltan"]
[Result "1-0"]
[WhiteElo "2524"]
[BlackElo "2518"]

1.e4 d6 2.d4 Nf6 3.Nc3 e5 4.Nge2 Be7 5.g3 Bg4 6.Bg2 exd4 7.Qxd4 Nc6 8.Qe3 O-O
9.h3 Bd7 10.Qd2 Re8 11.O-O Bf8 12.Nf4 Ne5 13.g4 h5 14.g5 Nh7 15.Nxh5 Bxh3
16.f4 Bxg2 17.Qxg2 Nd7 18.g6 fxg6 19.Qxg6 Qh4 20.Kg2 Nhf6 21.Rh1 Qg4+ 22.Qxg4 Nxg4
23.Kf3 Ngf6 24.Be3 c6 25.Bd4 Be7 26.Ng3 a6 27.Nf5 Bf8 28.Rag1 Kf7 29.Rh8 g6
30.Nh4 Bg7 31.Rxe8 Rxe8 32.Nxg6 c5 33.Bxf6 Bxf6 34.f5 Bxc3 35.bxc3 Nf6 36.Re1 Nd5
37.c4 Nb4 38.Rd1 Nxc2 39.Rxd6 Nd4+ 40.Kf4 Ne2+ 41.Kg5 Rxe4 42.Rd7+ Ke8 43.Rxb7  1-0

[Event "Goodricke 10th op"]
[Site "Calcutta"]
[Date "1999.02.10"]
[Round "5"]
[White "Kabir, S Ruhul"]
[Black "Yogesh, Gore"]
[Result "0-1"]
[WhiteElo "2250"]
[BlackElo "2320"]

1.e4 d6 2.d4 Nf6 3.Nc3 c6 4.Bd3 e5 5.Nge2 g6 6.f3 Be6 7.Bg5 Be7 8.Qd2 Nbd7
9.O-O-O b5 10.d5 cxd5 11.exd5 Nxd5 12.Bxe7 Nxe7 13.Nxb5 d5 14.Nd6+ Kf8 15.Nb5 Kg7
16.h4 a6 17.Na3 h6 18.g4 Qb6 19.Ng3 Rab8 20.b3 e4 21.Bxe4 Qd6 22.Qd4+ f6
23.Bf5 Qxa3+ 24.Kb1 Nc6 25.Qd2 Nb4 26.c3 Nxa2 27.Qxa2 Rxb3+ 28.Ka1 Rhb8 29.Bxe6 Qc5
30.Ne2 Ra3 31.Bxd5 Ne5 32.Rb1 Rb5 33.Rhc1 Rxa2+ 34.Bxa2 Nxf3 35.Rd1 Ne5 36.Rbc1 Rb8
37.Nd4 Qa3 38.Rc2 Kf8 39.Re1 Rb6 40.g5 hxg5 41.hxg5 Kg7 42.gxf6+ Rxf6 43.Rb1 g5
44.Rd1 g4 45.c4 g3 46.c5 Nd3 47.c6 Nb4 48.Rb2 Nxa2 49.Rxa2 Qc3+ 50.Kb1 Rxc6
51.Rb2 Rf6 52.Rb3 Qc7 53.Rg1 Rb6 54.Rxg3+ Qxg3 55.Rxb6 Qg1+  0-1

[Event "Malaga op"]
[Site "Malaga"]
[Date "1999.02.10"]
[Round "8"]
[White "Paz Ladron de Guevara, Daniel"]
[Black "Campora, Daniel H"]
[Result "0-1"]
[WhiteElo "2308"]
[BlackElo "2551"]

1.e4 d6 2.d4 Nf6 3.Nc3 Nbd7 4.Nf3 e5 5.g3 g6 6.Bg2 Bg7 7.O-O O-O 8.h3 c6
9.Be3 Re8 10.Re1 exd4 11.Bxd4 Qc7 12.Nh2 b5 13.a3 Bb7 14.Qd2 a6 15.Rad1 Rad8
16.Be3 Nb6 17.b3 d5 18.Bf4 Qc8 19.e5 Ne4 20.Nxe4 dxe4 21.Qa5 Rxd1 22.Rxd1 Nd5
23.Bxe4 Qxh3 24.c4 Nxf4 25.gxf4 Qh4 26.Qd2 Rf8 27.cxb5 axb5 28.Bg2 Bh6 29.Qd7 Bc8
30.Qxc6 Bxf4 31.Nf3 Qe7 32.Qe4 g5 33.Nd4 Qxa3 34.Nf5 Qxb3 35.Ne7+ Kg7 36.Qd4 Be6
37.Bd5 Qh3 38.Bg2 Qh2+ 39.Kf1 Bxe5  0-1

[Event "RUS-Cup03 (Geller mem)"]
[Site "Moscow"]
[Date "1999.02.10"]
[Round "1"]
[White "Gavritenkov, Sergei"]
[Black "Prokopchuk, Evgeny"]
[Result "0-1"]
[WhiteElo "2312"]
[BlackElo "2489"]

1.e4 d6 2.d4 Nf6 3.Nc3 e5 4.dxe5 dxe5 5.Qxd8+ Kxd8 6.Bc4 Be6 7.Bxe6 fxe6
8.Bg5 h6 9.Bh4 Bd6 10.Nge2 Nc6 11.f3 Ke7 12.O-O-O a6 13.Bf2 b5 14.Kb1 Rhb8
15.Nc1 Nd7 16.Nd3 Na5 17.Rhe1 Rf8 18.f4 Nc6 19.Bh4+ Ke8 20.fxe5 Ndxe5 21.Bg3 Rd8
22.Nf4 Ke7 23.Nd3 Nxd3 24.Rxd3 Ne5 25.Rdd1 Nc4 26.Bxd6+ Rxd6 27.b3 Rxd1+
28.Rxd1 Ne3 29.Rd3 Rf1+ 30.Kb2 Re1 31.a3 g5 32.Rd2 c5 33.Rf2 b4 34.Rd2 bxc3+
35.Kxc3 a5 36.Kd3 Kd6 37.Rf2 Nd1 38.Rf7 Rh1 39.Ra7 a4 40.bxa4 Rxh2 41.a5 Rxg2  0-1

[Event "RUS-Cup03 (Geller mem)"]
[Site "Moscow"]
[Date "1999.02.10"]
[Round "9"]
[White "Ivanov, Victor L"]
[Black "Prokopchuk, Evgeny"]
[Result "0-1"]
[WhiteElo "2427"]
[BlackElo "2489"]

1.e4 d6 2.d4 Nf6 3.Nc3 e5 4.dxe5 dxe5 5.Qxd8+ Kxd8 6.Bg5 Be6 7.O-O-O+ Nd7
8.f4 exf4 9.Nf3 Be7 10.Bxf4 c6 11.Ng5 Bb4 12.Nxe6+ fxe6 13.Bc4 Ke7 14.e5 Bxc3
15.Rd6 Nf8 16.bxc3 Ne4 17.Rd4 Nxc3 18.Bg5+ Ke8 19.Rf1 Nd5 20.Be2 b5 21.a4 b4
22.Ba6 Rb8 23.a5 Nd7 24.Re4 c5 25.Rh4 h6 26.Bd2 Rf8 27.Re1 Rf5 28.Rg4 Kf8
29.Rge4 Rf2 30.R4e2 Rxe2 31.Rxe2 Ke7 32.Bd3 Rf8 33.g3 Nb8 34.Bb5 a6 35.Bc4 Nc6
36.Bxa6 Nxa5 37.Re4 Rf2 38.h4 Nc6 39.Bd3 Nd4 40.Rg4 Kf8 41.Be1 Rh2 42.Re4 Ke7  0-1

[Event "Aktiv Alliancen op"]
[Site "Taastrup"]
[Date "1999.02.10"]
[Round "5"]
[White "Dongart, Dennis"]
[Black "Hejberg, Carsten"]
[Result "1/2-1/2"]
[WhiteElo "2163"]
[BlackElo "2113"]

1.e4 d6 2.d4 Nf6 3.Nc3 c6 4.Bg5 Nbd7 5.Qd2 Qa5 6.f4 h6 7.Bh4 e5 8.Nf3 exf4
9.Bxf6 Nxf6 10.Qxf4 Be6 11.Bd3 d5 12.O-O dxe4 13.Nxe4 Nxe4 14.Qxe4 O-O-O
15.c4 g6 16.Ne5 Bg7 17.Nxf7 Bxd4+ 18.Kh1 Bxf7 19.Rxf7 Qe5 20.Qxe5 Bxe5 21.Bxg6 Bxb2
22.Rb1 Rd2 23.h3 Rhd8 24.Bh5 Rc2 25.Bg4+ Kb8 26.Rff1  1/2-1/2

[Event "Cappelle op"]
[Site "Cappelle la Grande"]
[Date "1999.02.13"]
[Round "1"]
[White "Timoshenko, Georgy"]
[Black "Oratovsky, Michael"]
[Result "1-0"]
[WhiteElo "2592"]
[BlackElo "2480"]

1.d4 d6 2.e4 Nf6 3.Nc3 Nbd7 4.f4 e5 5.Nf3 exd4 6.Qxd4 c6 7.Be3 d5 8.exd5 Bc5
9.Qd3 Qe7 10.Kd2 Bb4 11.dxc6 Bxc3+ 12.bxc3 bxc6 13.Re1 O-O 14.Bd4 Qa3 15.c4 Qa5+
16.Qc3 Qf5 17.g3 c5 18.Bxf6 Nxf6 19.Bd3 Rd8 20.Kc1 Qd7 21.Ne5 Qc7 22.Kb2 Bb7
23.Rhf1 Rd4 24.Ka1 Rad8 25.Nf3 R4d6 26.Nd2 a5 27.Rb1 Bc6 28.Rfe1 a4 29.a3 Rd4
30.Re2 h6 31.Rbe1 Qd6 32.Ka2 Qc7 33.Re7 Qd6 34.Ra7 Rb8 35.Rae7 Rd8 36.R7e5 Ra8
37.h3 Rd8 38.R5e3 Bg2 39.Qa5 Rc8 40.Qxa4 Bxh3 41.Re8+ Rxe8 42.Rxe8+  1-0

[Event "RUS-Cup03 (Geller mem)"]
[Site "Moscow"]
[Date "1999.02.13"]
[Round "4"]
[White "Arkhangelsky, Boris"]
[Black "Abashev, Denis"]
[Result "1-0"]
[WhiteElo "2382"]
[BlackElo "2455"]

1.d4 d6 2.e4 Nf6 3.Nc3 Nbd7 4.g3 e5 5.Be3 Be7 6.Bg2 c6 7.h3 b5 8.Nge2 Bb7
9.O-O O-O 10.d5 cxd5 11.Nxd5 Nxd5 12.exd5 Bg5 13.Bxg5 Qxg5 14.Nc3 a6 15.a4 b4
16.Ne4 Qe7 17.a5 f5 18.Nd2 Nf6 19.Nc4 Rac8 20.Nb6 Rc5 21.Qd2 e4 22.Qxb4 Nxd5
23.Qb3 Kh8 24.Nc4 Rfc8 25.Nxd6 Qxd6 26.Qxb7 Re8 27.Qf7 Rf8 28.Qb7 Rb8 29.Qf7 Rf8
30.Qb7 f4 31.c4 Nf6 32.Rad1 Qe5 33.gxf4 Qxf4  1-0

[Event "RUS-Cup03 (Geller mem)"]
[Site "Moscow"]
[Date "1999.02.13"]
[Round "4"]
[White "Pres, Grigorii"]
[Black "Silivanov, Sergej"]
[Result "0-1"]
[WhiteElo "2352"]
[BlackElo "2256"]

1.d4 d6 2.e4 Nf6 3.Nc3 e5 4.Nge2 Be7 5.f3 O-O 6.Be3 c6 7.Ng3 b5 8.Qd2 exd4
9.Bxd4 b4 10.Nd1 c5 11.Bf2 d5 12.e5 Ne8 13.Be2 Nc6 14.f4 f6 15.Bf3 Nc7 16.exf6 Bxf6
17.Bxc5 Re8+ 18.Ne2 Bb7 19.O-O d4 20.Ng3 Na6 21.Bxc6 Bxc6 22.Bxb4 Nxb4 23.Qxb4 Qd5
24.Qb3 Qxb3 25.axb3 Bb5 26.c4 dxc3 27.bxc3 Bxf1 28.Kxf1 Rad8 29.Rc1 Rd3 30.Ne2 Rd2
31.Ng1 Red8 32.Nf2 Rb2 33.Ne4 Rxb3 34.Nf3 Rdb8 35.Nfd2 Rb2 36.Ke2 Rd8 37.c4 Be7
38.c5 a5 39.Rc4 a4 40.Rc3 Rd5 41.Ke3 Bxc5+ 42.Nxc5 Rdxd2 43.Nxa4 Re2+ 44.Kf3 Rf2+
45.Kg4 Rxg2+ 46.Kf5 Rb8 47.h4 Rf8+ 48.Ke4 Rg4 49.Rf3 Rxh4 50.Nc5 Re8+ 51.Kd3 Rh5
52.f5 Re5  0-1

[Event "RUS-Cup03 (Geller mem)"]
[Site "Moscow"]
[Date "1999.02.14"]
[Round "5"]
[White "Kargin, Arseny"]
[Black "Maljutin, Evgeni"]
[Result "0-1"]
[WhiteElo "2251"]
[BlackElo "2440"]

1.e4 d6 2.d4 Nf6 3.Nc3 Nbd7 4.Nf3 e5 5.Bc4 Be7 6.O-O O-O 7.Re1 c6 8.a4 b6
9.d5 cxd5 10.Nxd5 Bb7 11.b3 Nxd5 12.Bxd5 Bxd5 13.Qxd5 Rc8 14.c4 Nc5 15.Rb1 Qc7
16.Be3 Qc6 17.Qxc6 Rxc6 18.Bxc5 bxc5 19.Rbd1 g6 20.Rd3 f5 21.Nd2 Rb6 22.f3 Bg5
23.Rd1 Rfb8 24.Kf2 Kf7 25.g4 fxg4 26.fxg4 Ke6 27.Nf3 Be7 28.Nd2 R8b7 29.Rh3 Bg5
30.Nf3 Bf4 31.Rd3 Kf6 32.Ne1 h6 33.Ng2 Kg5 34.Nxf4 Rf7 35.Rdf3 Rxf4 36.Kg2 Rxg4+
37.Rhg3 h5 38.Kh3 Rxg3+ 39.hxg3 a5 40.Rd3 h4 41.gxh4+ Kf4 42.Rg3 Kxe4 43.Rxg6 Rxb3+
44.Kg4 d5 45.cxd5 Kxd5 46.h5 Rb1 47.h6 Rh1 48.Kf5 c4 49.Ra6 c3  0-1

[Event "RUS-Cup03 (Geller mem)"]
[Site "Moscow"]
[Date "1999.02.14"]
[Round "5"]
[White "Ivanov, Victor L"]
[Black "Chekhov, Valery A"]
[Result "1-0"]
[WhiteElo "2427"]
[BlackElo "2511"]

1.e4 d6 2.d4 Nf6 3.Nc3 c6 4.f4 Qa5 5.Bd3 e5 6.Nf3 Nbd7 7.O-O Be7 8.Be3 O-O
9.Qe1 Bd8 10.Kh1 Re8 11.a3 exd4 12.b4 Qh5 13.Nxd4 Nf8 14.Nce2 Ng4 15.Bg1 g6
16.Qd2 Ne6 17.Nf5 gxf5 18.Ng3 Qh6 19.Nxf5 Qf8 20.Be2 Nf6 21.Nxd6 Re7 22.e5 Ne8
23.f5 N6c7 24.Bd4 Rd7 25.Rf3 f6 26.Bc4+ Kh8 27.Rg3 Rg7 28.Rxg7 Kxg7 29.Nf7 Be7
30.Qh6+ Kg8 31.Ng5+  1-0

[Event "St Helier Tohmatsu op"]
[Site "St Helier"]
[Date "1999.02.14"]
[Round "1"]
[White "Camilleri, Stephan J"]
[Black "Hickman, J."]
[Result "1/2-1/2"]
[WhiteElo "2097"]
[BlackElo "2136"]

1.e4 d6 2.d4 Nf6 3.Nc3 c6 4.f4 Qa5 5.Bd3 e5 6.Nf3 Bg4 7.dxe5 dxe5 8.fxe5 Nfd7
9.Bf4 Bxf3 10.Qxf3 Nxe5 11.Bxe5 Qxe5 12.Bc4 f6 13.Qh3 Nd7 14.O-O-O Bd6 15.Qd3 Nb6
16.Bb3 O-O-O 17.Qf3 Kc7 18.a3 Nd7 19.g3 Nc5 20.Bc4 b5 21.Bd3 Ne6 22.Qf5 Nd4
23.Qxe5 Bxe5 24.Rhf1 h5 25.Ne2 Nxe2+ 26.Bxe2 h4 27.Rxd8 Rxd8 28.gxh4 Bxh2
29.h5 Be5  1/2-1/2

[Event "St Helier Tohmatsu op"]
[Site "St Helier"]
[Date "1999.02.18"]
[Round "5"]
[White "Milligan Scott, Helen"]
[Black "Hickman, J."]
[Result "1/2-1/2"]
[WhiteElo "2054"]
[BlackElo "2136"]

1.e4 d6 2.d4 Nf6 3.Nc3 c6 4.a4 Nbd7 5.Nf3 g6 6.Be2 Bg7 7.O-O O-O 8.h3 e5
9.dxe5 dxe5 10.Be3 Qe7 11.Nd2 Nc5 12.Bc4 Rd8 13.Qc1 Ne6 14.Ne2 Nh5 15.c3 Nef4
16.Bxf4 exf4 17.Nf3 Qc5 18.Bb3 Rd3 19.Rd1 Rxf3 20.gxf3 Bxh3 21.Qd2 Bf6 22.e5 Qxe5
23.Kh2 Be6 24.Bxe6 fxe6 25.Re1 Qg5 26.Qd7 Qh4+ 27.Kg2 Qg5+ 28.Kh2 Qh4+ 29.Kg2 Qg5+  1/2-1/2

[Event "Cappelle op"]
[Site "Cappelle la Grande"]
[Date "1999.02.20"]
[Round "8"]
[White "Kobalija, Mihail"]
[Black "Plachetka, Jan"]
[Result "1-0"]
[WhiteElo "2537"]
[BlackElo "2395"]

1.e4 d6 2.d4 Nf6 3.Nc3 Nbd7 4.Nf3 e5 5.Bc4 Be7 6.O-O O-O 7.a4 c6 8.Re1 b6
9.Ba2 a6 10.h3 Bb7 11.Nh4 exd4 12.Qxd4 d5 13.e5 Bc5 14.Qd1 Ne4 15.Nxe4 dxe4
16.Rxe4 Bxf2+ 17.Kxf2 Nc5 18.Qe2 Nxe4+ 19.Qxe4 c5 20.Qg4 Bc8 21.Qg3 Be6 22.Bh6 Qd4+
23.Kf1 g6 24.Bxe6 fxe6+ 25.Bxf8 Rxf8+ 26.Nf3 Qxb2 27.Re1 Qxc2 28.Qg4 Rf5
29.Kg1 b5 30.axb5 axb5 31.Qh4 Qb3 32.Ra1 Qe3+ 33.Qf2 Qxf2+ 34.Kxf2 Rf4 35.Rc1  1-0

[Event "BL2-S9899"]
[Site "Germany"]
[Date "1999.02.21"]
[Round "6.4"]
[White "Krockenberger, Martin"]
[Black "Miltner, Arndt"]
[Result "0-1"]
[WhiteElo "2298"]
[BlackElo "2389"]

1.e4 d6 2.d4 Nf6 3.Nc3 Nbd7 4.Nf3 e5 5.Bc4 Be7 6.O-O O-O 7.Re1 exd4 8.Nxd4 Nb6
9.Be2 Nfd7 10.a4 a5 11.b3 Bf6 12.Bb2 Re8 13.Qd2 Nc5 14.Bf1 Bd7 15.g3 g6 16.Bg2 Qe7
17.Rad1 Qf8 18.Ba1 Qg7 19.f3 Re7 20.Nde2 Rae8 21.Nf4 Bc6 22.Nb5 Bxa1 23.Rxa1 Bxb5
24.axb5 a4 25.bxa4 Ncxa4 26.Nd5 Nxd5 27.Rxa4 Nb6 28.Ra7 Nc4 29.Qf2 b6 30.Rb1 Qc3
31.Rb3 Qf6 32.Bf1 Ne5 33.Kg2 h5 34.Rba3 h4 35.Ra8 Kg7 36.Be2 Rxa8 37.Rxa8 Nd7
38.Ra4 Nc5 39.Rc4 Qe5 40.Qd4 d5 41.Qxe5+ Rxe5 42.Rd4 hxg3 43.Rxd5 Rxd5 44.exd5 gxh2
45.Kxh2 Kf6 46.Bc4 Nb7 47.f4 Kf5 48.Kg3 Ke4 49.Kg4 Nd6 50.Bd3+ Kxd5 51.Kg5 Ne4+
52.Kh6 Nc5 53.Bf1 Ne6 54.Bg2+ Kd6 55.Bf1 Nxf4 56.Kg5 Ke5 57.Bc4 f6+ 58.Kg4 Ne6  0-1

[Event "BL2-O9899"]
[Site "Germany"]
[Date "1999.02.21"]
[Round "6.1"]
[White "Khenkin, Igor"]
[Black "Spiess, Gunter"]
[Result "1-0"]
[WhiteElo "2600"]
[BlackElo "2405"]

1.d4 d6 2.e4 Nf6 3.Nc3 e5 4.dxe5 dxe5 5.Qxd8+ Kxd8 6.Bg5 Be7 7.O-O-O+ Nbd7
8.Nf3 Ng4 9.Bxe7+ Kxe7 10.Nd5+ Kd8 11.Ng5 Nh6 12.Ne3 Ke7 13.Nd5+ Kd8 14.f4 c6
15.Ne3 Ke7 16.f5 Nc5 17.b4 Na4 18.Rd3 f6 19.Nf3 a5 20.a3 Nf7 21.Rb3 Nd6 22.Bd3 Rd8
23.c4 b6 24.Bc2 b5 25.c5 Nc4 26.Rd1 Nab2 27.Rxd8 Kxd8 28.Nf1 axb4 29.axb4 Ra1+
30.Bb1 Na4 31.N3d2 Na3 32.Rg3 Ke8 33.Rxg7 Nxb1 34.Nxb1 Nc3 35.Nd2 Nxb1 36.Nxb1 Ra4
37.Rg8+ Kd7 38.Rg7+ Ke8 39.Rxh7 Rxb4 40.Rh8+ Kd7 41.Rh7+ Ke8 42.Rh8+ Kd7
43.Nd2 Ra4 44.Rh7+ Ke8 45.Rh8+ Kd7 46.Rh7+ Ke8 47.Kb2 Rd4 48.Kc2 b4 49.Rc7 Ba6
50.Rxc6 Bb7 51.Rxf6 Bxe4+ 52.Nxe4 Rxe4 53.Kb3 Re2 54.c6 Kd8 55.Rf8+ Kc7 56.f6 Rf2
57.f7  1-0

[Event "Oberliga Sued W9899"]
[Site "Wuertemberg"]
[Date "1999.02.28"]
[Round "7"]
[White "Heinl, Thomas"]
[Black "Lorscheid, Gerhard"]
[Result "1/2-1/2"]
[WhiteElo "2215"]
[BlackElo "2300"]

1.e4 d6 2.d4 Nf6 3.Nc3 e5 4.Nf3 Nbd7 5.Bc4 Be7 6.O-O O-O 7.h3 c6 8.a4 b6
9.Qe2 a6 10.Rd1 Qc7 11.Bg5 Re8 12.Ba2 exd4 13.Nxd4 Bf8 14.f4 h6 15.Qc4 d5
16.Nxd5 Nxd5 17.exd5 Nc5 18.Bh4 Qxf4 19.Nf3 Re4 20.Qf1 Rxa4 21.dxc6 Be6 22.Bxe6 Nxe6
23.Bf2 Rxa1 24.Rxa1 Bc5 25.Rd1 b5 26.Qe2 Bxf2+ 27.Qxf2 Qc7 28.Rd7 Qxc6 29.Ne5 Qc5  1/2-1/2

[Event "BL2-O9899"]
[Site "Germany"]
[Date "1999.03.07"]
[Round "7.4"]
[White "Hirn, Oskar"]
[Black "Dutschak, Hauke"]
[Result "0-1"]
[WhiteElo "2235"]
[BlackElo "2320"]

1.d4 d6 2.e4 Nf6 3.Nc3 c6 4.h3 Qa5 5.Be3 Nxe4 6.Bd3 Nxc3 7.bxc3 Bf5 8.Nf3 g6
9.g4 Bxd3 10.Qxd3 Nd7 11.Bd2 Bg7 12.c4 Qc7 13.Rb1 e5 14.c3 O-O-O 15.O-O Rde8
16.Ng5 f6 17.Ne4 f5 18.gxf5 gxf5 19.Ng3 f4 20.Nf5 e4 21.Qe2 f3 22.Qe3 Nb6
23.Rb4 Rhg8 24.Kh1 c5 25.dxc5 dxc5 26.Rb5 Re5 27.Nh6 Nxc4 28.Qf4 Bxh6 29.Qxh6 Nxd2
30.Rd1 e3 31.fxe3 f2 32.Rxc5 Qxc5  0-1

[Event "AUT2W-chT 9899"]
[Site "AUT"]
[Date "1999.03.12"]
[Round "7.6"]
[White "Kornthaler, Reinhard"]
[Black "Schiestl, Josef"]
[Result "1/2-1/2"]
[WhiteElo "2035"]
[BlackElo "2195"]

1.e4 d6 2.d4 Nf6 3.Nc3 c6 4.g3 Qa5 5.Bg2 e5 6.Ne2 Be7 7.O-O O-O 8.h3 b5 9.dxe5 dxe5
10.Qe1 b4 11.Nd1 Qc7 12.a3 c5 13.Ne3 Bb7 14.Nd5 Nxd5 15.exd5 Qd6 16.Qd1 Nd7
17.c4 a5 18.a4 f5 19.f4 e4 20.Be3 g6  1/2-1/2

[Event "Budapest FS03 IM"]
[Site "Budapest"]
[Date "1999.03.12"]
[Round "7"]
[White "Toth, Andras"]
[Black "Gara, Ticia"]
[Result "1-0"]
[WhiteElo "2301"]
[BlackElo "2216"]

1.e4 d6 2.d4 Nf6 3.Nc3 e5 4.Nge2 Nbd7 5.g3 Be7 6.Bg2 O-O 7.O-O Re8 8.h3 Bf8
9.Re1 c6 10.a4 Qc7 11.b3 b6 12.g4 h6 13.Be3 a6 14.Ng3 g6 15.f4 Bg7 16.Qd2 Kh7
17.Rad1 b5 18.dxe5 dxe5 19.g5 hxg5 20.fxg5 Ng8 21.Rf1 Nf8 22.Qf2 Ne7 23.Qxf7 Be6
24.Qf2 Nd7 25.Qd2 Nc8 26.Nd5 cxd5 27.exd5 Bg8 28.Qb4 e4 29.Nxe4 a5 30.Qe1 Bxd5
31.Rxd5 Ra6 32.Bd4 Rae6 33.Qh4+ Kg8 34.Bxg7 Kxg7 35.Qh6+ Kg8 36.Nf6+ Nxf6
37.Qxg6+ Qg7 38.Qxg7+ Kxg7 39.gxf6+ Rxf6 40.Rxf6 Kxf6 41.Rxb5 Re1+ 42.Kh2 Re2
43.Rxa5 Rxc2 44.Ra6+ Ke5 45.Rc6  1-0

[Event "AUT2W-chT 9899"]
[Site "AUT"]
[Date "1999.03.14"]
[Round "9.6"]
[White "Kornthaler, Reinhard"]
[Black "Berchtold, Guenter"]
[Result "1/2-1/2"]
[WhiteElo "2035"]
[BlackElo "2047"]

1.e4 d6 2.d4 Nf6 3.Nc3 c6 4.g3 Nbd7 5.Bg2 e5 6.Nge2 Be7 7.O-O O-O 8.h3 Re8
9.a4 a5 10.Be3 Bf8 11.Re1 Qc7 12.Qd2 Nb6 13.b3 Bd7 14.Rad1 Rad8 15.d5 cxd5
16.exd5 Nc8 17.f4 b6 18.Rf1 Nh5 19.f5 Nf6 20.g4 Kh8 21.Ng3 Ng8 22.Nce4 f6
23.c4 Be7 24.Kh1 g6 25.g5 Rf8 26.gxf6 Nxf6 27.fxg6 Nxe4 28.Nxe4 hxg6 29.Bxb6 Nxb6
30.Qh6+ Kg8 31.Qxg6+ Kh8 32.Qh6+ Kg8 33.Qg6+ Kh8 34.Qh6+ Kg8 35.Qg6+  1/2-1/2

[Event "Manhattan March Int"]
[Site "New York"]
[Date "1999.03.14"]
[Round "8"]
[White "Burnett, Ronald"]
[Black "Kacheishvili, Giorgi"]
[Result "1/2-1/2"]
[WhiteElo "2420"]
[BlackElo "2570"]

1.e4 d6 2.d4 Nf6 3.Nc3 Nbd7 4.Nf3 e5 5.Bc4 Be7 6.O-O O-O 7.Qe2 c6 8.a4 exd4
9.Nxd4 Re8 10.Ba2 Bf8 11.Re1 d5 12.Qf3 Bc5 13.Nb3 Ne5 14.Qg3 Bd6 15.Bg5 d4
16.Nxd4 Neg4 17.e5 Bxe5 18.Rxe5 Nxe5 19.Rd1 Ng6 20.h4 Qe7 21.f3 Qe5 22.f4 Nh5
23.Qf2 Qc7 24.Qf3 Ngxf4 25.Rf1 Qe5 26.Qf2 c5 27.Ndb5  1/2-1/2